Zábava pre vás Premiéra Piesne o Fanfánovi Tulipánovi

Bibliographic Details
Main Author: Marčoková, Ivana (Author)
Format: Article
Language:Slovak
Subjects:

MARC

LEADER 00000nab a2200000 a 4500
001 vtls000449263
003 SK-MaSNL
005 20260303200337.0
008 120926c1992 xo 0 slo
015 |a SNBRB19rr/mm-uuuuu 
035 |a CL0449394 
040 |a SNKBUCL  |b slo  |c SNKBUCL  |e AACR2 
041 0 |a slo 
044 |a xo  |c SK 
080 |a 792.077  |2 1981 
080 |a 792.2  |2 1981 
100 1 |a Marčoková, Ivana  |4 aut  |9 375898 
245 1 0 |a Zábava pre vás  |b Premiéra Piesne o Fanfánovi Tulipánovi  |c Ivana Marčoková 
610 2 7 |a Divadlo pre Vás  |2 snkbucl  |9 230144 
630 0 7 |a Pieseň o Fanfánovi Tulipánovi  |x recenzie  |2 snkbucl  |9 1230318 
651 7 |a 5100  |2 snkbucl  |9 166206 
655 7 |a články z novín a časopisov  |2 snkbucl  |9 267496 
773 0 |t Práca  |g Roč. 47, č. 89 (14. 4. 1992), s. 6 
850 |a Slovenská národná knižnica v Martine  |a MTA001 
852 |a SNK  |b KIS3GCP 
958 |a RK 
992 |a RBX 
999 |c 2167713  |d 2169643